UBT Library

ALBERT EINSTEIN THE SWISS YEARS 1900-1909 (Record no. 58874)

000 -LEADER
fixed length control field 00343nam a22001457a 4500
008 - FIXED-LENGTH DATA ELEMENTS--GENERAL INFORMATION
fixed length control field 221114b ||||| |||| 00| 0 eng d
020 ## - INTERNATIONAL STANDARD BOOK NUMBER
International Standard Book Number 2800691085496
041 ## - LANGUAGE CODE
Language code of text/sound track or separate title eng
080 ## - UNIVERSAL DECIMAL CLASSIFICATION NUMBER
Edition identifier VOLUME 2
Universal Decimal Classification number 101
082 ## - DEWEY DECIMAL CLASSIFICATION NUMBER
Classification number 101
100 ## - Rafti
Rafti 44.1
101 ## - Shkurtesa
Shkurtesa FILO
245 ## - TITLE STATEMENT
Title ALBERT EINSTEIN THE SWISS YEARS 1900-1909
Statement of responsibility, etc BECK ANNA
942 ## - ADDED ENTRY ELEMENTS (KOHA)
Source of classification or shelving scheme
Item type Books
Holdings
Withdrawn status Lost status Source of classification or shelving scheme Damaged status Not for loan Collection code Permanent location Current location Date acquired Total Checkouts Full call number Barcode Date last seen Price effective from Koha item type
          Koleksioni i përgjithshem UBT - Lipjan UBT - Lipjan 11/14/2022   101 BEC 002-800028700260632 11/14/2022 11/14/2022 Books
          Koleksioni i përgjithshem UBT - Lipjan UBT - Lipjan 11/14/2022   101 BEC 002-800028700260633 11/14/2022 11/14/2022 Books
UBT Library © 2015-2024. All rights reserved University Education for Business and Technology